01438nam a2200397Ia 450000500170000000800410001702000180005802000150007608200170009110000200010824500460012825000180017430000250019249000180021750502500023565000230048565000350050865000310054365000360057474000380061074000400064874000310068874000270071974000280074674000360077474000270081074000160083774000150085394200120086826400220088033600270090233700330092933800280096204000350099099900150102520220317001359.0161108s9999 mx g 000 0 spa  a9789706278654 a970627865604a576.82bD17o1 aDarwin, Charles13aEl origen de las especiescCharles Darwin a1a. edición a693 páginasc20 cm aNuevo Talento aLa variación en la domesticidad -- La variación en el estado natural -- La lucha por la existencia -- La selección natural -- Leyes de la variación -- Las dificultades de la teoría -- Contestando objeciones -- El instinto -- Hibridismo142LEMBaEvolución 142LEMBaOrigen de las especies 142LEMBaSelección natural 142LEMBaAdaptación (Biología)02aLa variación en la domesticidad02aLa variación en el estado natural02aLa lucha por la existencia02aLa selección natural02aLeyes de la variación02aLas dificultades de la teoría02aContestando objeciones02aEl instinto02aHibridismo 2ddccBK aMéxicobÉpoca atextobtxt2rdacontent asin mediaciónbn2rdamedia avolumenbnc2rdacarrier aCO-BoRNBPbspaerdacCO-BoRNBP c6791d6791